Wo liegt diese deutsche Stadt auf der Karte? - Multiple Choice - Statistiken

Allgemein
  • Dieses Quiz wurde 178 mal gespielt
  • Das Durchschnittsergebnis liegt bei 12 aus 15
Antwortstatistiken
Frage Antwort % Korrekt
Wo liegt Stuttgart?
92%
Wo liegt München?
90%
Wo liegt Fürth?
85%
Wo liegt Dortmund?
84%
Wo liegt Rostock?
81%
Wo liegt Kassel?
79%
Wo liegt Karlsruhe?
76%
Wo liegt Potsdam?
75%
Wo liegt Mainz?
75%
Wo liegt Erfurt?
75%
Wo liegt Kiel?
71%
Wo liegt Leipzig?
71%
Wo liegt Bonn?
71%
Wo liegt Hannover?
68%
Wo liegt Osnabrück?
67%
Keine übereinstimmenden Quizze gefunden
Verteilung der Resultate
Anzahl Personen mit jedem Resultat
Perzentil nach korrekt beantworteten Fragen
Ihre Resultats-Entwicklung
Sie haben dieses Quiz noch nicht gespielt